[Event "Rhein Main op-B 20th"]
[Site "Bad Homburg"]
[Date "2017.06.17"]
[Round "5"]
[White "Engel, Jan"]
[Black "Kohl, Felix"]
[Result "1-0"]
[WhiteElo "1825"]
[BlackElo "1740"]
[PlyCount "45"]
[EventDate "2017.06.14"]
[EventType "swiss"]
[EventRounds "7"]
[EventCountry "GER"]
[SourceTitle "EXT 2018"]
[Source "ChessBase"]
[SourceDate "2017.10.13"]
[SourceVersion "1"]
[SourceVersionDate "2017.10.13"]
[SourceQuality "1"]

1. e4 e6 2. d4 d5 3. Nc3 Nf6 4. e5 Nfd7 5. f4 c5 6. Nf3 Nc6 7. Be3 Qb6 8. Na4 Qa5+ 9. c3 cxd4 10. b4 Qc7 11. Nxd4 a6 12. Bd3 b5 13. Nb2 Nxb4 14. cxb4 Qc3+ 15. Qd2 Bxb4 16. Ke2 Qa3 17. Qc2 Bc3 18. Rab1 Nc5 19. Rhc1 Bxb2 20. Qxc5 Bd7 21. Rxb2 Qxb2+ 22. Rc2 Qxc2+ 23. Bxc2 1-0

[Event "Rheinhessen-ch HTB"]
[Site "Pfeddersheim"]
[Date "2011.04.22"]
[Round "3"]
[White "Springer, Adrian"]
[Black "Kohl, Felix"]
[Result "1-0"]
[WhiteElo "1556"]
[BlackElo "1667"]
[PlyCount "51"]
[EventDate "2011.04.21"]
[EventType "swiss"]
[EventRounds "5"]
[EventCountry "GER"]
[SourceTitle "EXT 2012"]
[Source "ChessBase"]
[SourceDate "2011.11.24"]
[SourceVersion "1"]
[SourceVersionDate "2011.11.24"]
[SourceQuality "1"]

1. e4 c5 2. Nf3 d6 3. d4 cxd4 4. Nxd4 Nf6 5. Nc3 g6 6. Be3 Ng4 7. Bb5+ Bd7 8. Qxg4 Nc6 9. Qe2 Bg7 10. Nxc6 bxc6 11. Bc4 Qa5 12. Bd2 Qb6 13. Bb3 c5 14. 0-0 0-0 15. Nd5 Qd8 16. Bc3 e5 17. f4 exf4 18. Bxg7 Kxg7 19. Rxf4 a6 20. Raf1 Bb5 21. Bc4 Qg5 22. Bxb5 axb5 23. a3 Qe5 24. c3 Rab8 25. Nf6 Qe6 26. Qg4 1-0